Prononciation du francais standard

Guardado en:
Bibliografiske detaljer
Hovedforfatter: León, Pierre
Format: Bog
Sprog:Undetermined
Udgivet: París, Francia Libraire Marcel Didier 1969
Fag:
Tags: Tilføj Tag
Ingen Tags, Vær først til at tagge denne postø!

MARC

LEADER 00000nam a2200000Ia 4500
008 170316s9999 xx 000 0 und d
090 |a 415-F L-4p 
100 |a León, Pierre 
245 |a Prononciation du francais standard 
260 |a París, Francia 
260 |b Libraire Marcel Didier 
260 |c 1969 
300 |a 186 páginas 
650 |a GRAMÁTICA FRANCESA 
999 |c 19219  |d 19219 
040 |a cru BVZT 
942 |c 15 D  |h 415-F L-4p  |2 z